| 000 | 00484nam a2200169 4500 | ||
|---|---|---|---|
| 001 | 113811 | ||
| 003 | ES-MaACL | ||
| 005 | 20230906190018.0 | ||
| 007 | t| | ||
| 008 | 061121s1944 ag r ||||1| spa d | ||
| 100 | 1 |
_aPadilla, Tiburcio. _988183 |
|
| 245 | 1 | 0 |
_aSíndromes clínicos _b: (En esquemas) / _cpor el Dr. Tiburcio Padilla. |
| 250 | _a2ª ed. | ||
| 260 |
_aBuenos Aires : _b`El Ateneo`, _c1944. |
||
| 300 |
_a1 v. : _bil ; _c24 cm. |
||
| 852 |
_aES-MaACL _jE-1040 _bR.21630 |
||
| 999 |
_c113811 _d113811 |
||